00506nam a2200145 4500245014800000100002300148260004800171300001800219490002900237020001600266082001300282650003300295650001200328650002000340 a Stars as laboratories for fundamental physics : the astrophysics of neutrinos, axions and other weakly interacting particlescGeorg G. Raffelt aRaffelt, Georg G.  aChicagobUniversity of Chicago Presscc1996 a664p.; 24cm.- aTheoretical astrophysics a02266702723 a523bRAF aParticles (Nucleaqr Physics) aPhysics aNuclear Physics